000 00436nam a22001697a 4500
005 20180710094354.0
008 160620b xxu||||| |||| 00| 0 eng d
020 _a0-07-052907-8
041 _aeng
082 _b8462
_a658.15
100 _aBrealey, Richard A. And Stewart, C Myers
_94486
245 _aPrinciples of Corporate Finance
260 _bTMH
_c2004
_anew delhi
300 _a1004p,
650 _aManagement
_9241
942 _cBK
999 _c3235
_d3234